000 00414nmm a2200145Ia 4500
008 251105s9999||||xx |||||||||||||||||und||
041 _aspa
100 _aCalderón de la Barca, Pedro
245 0 _aEl alcalde de sí mismo
264 _a[Madrid, España] :
_bSaga Egmont,
_c2020
300 _a56 páginas
650 _aSpanish theater
856 _uhttps://public.digitaliapublishing.com/a/99905
942 _cCF
999 _c106775
_d106775